Contrato de factoring y cesión de creditos

Uloženo v:
Podrobná bibliografie
Hlavní autor: García de Enterría, Javier (Autor)
Médium: Kniha
Jazyk:španělština
Vydáno: Madrid Civitas 1996
Vydání:2a. ed
Edice:Colección Monografías Civitas
Témata:
Tagy: Přidat tag
Žádné tagy, Buďte první, kdo vytvoří štítek k tomuto záznamu!

MARC

LEADER 00000nam a2200000 a 4500
001 UCS6179
003 CL-VaPUC
008 970912e19960000SP |||||||||||||||||spa|d
082 0 4 |a 346.02  |b GAR  |2 21 
100 0 |a García de Enterría, Javier  |e author  |9 391682 
245 1 0 |a Contrato de factoring y cesión de creditos 
250 |a 2a. ed 
300 |a 264 p 
942 |c BK 
945 |d 19970912 00:00:00  |a jquezada 
260 |a Madrid  |b Civitas  |c 1996 
650 0 |a Contratos  |9 255153 
650 7 |a DERECHO  |2 CL-VaPUC  |9 391683 
650 7 |a FACTORIZACION FINANZAS  |2 CL-VaPUC  |9 257931 
650 0 |a Mercado  |9 321497 
650 0 |a Comercio  |9 255341 
650 7 |a CREDITOS  |2 CL-VaPUC  |9 391684 
583 |a last modification  |c 19970912 00:00:00  |k Rodrigo Vera 
490 0 |a Colección Monografías Civitas 
999 |c 262131  |d 262129 
952 |0 0  |1 0  |4 0  |6 346_020000000000000_GAR_1996  |7 0  |8 A  |9 290338  |a BIBDER  |b BIBDER  |d 2019-11-19  |i 3488969  |l 3  |m 8  |o 346.02 GAR 1996  |p 3488969  |r 2024-12-12  |s 2024-11-27  |w 2019-11-19  |y BK  |k DER 
952 |0 0  |1 0  |4 0  |6 346_020000000000000_GAR_1996  |7 0  |8 A  |9 290339  |a BIBDER  |b BIBDER  |d 2019-11-19  |i 3547043  |o 346.02 GAR 1996  |p 3547043  |r 2023-01-25  |w 2019-11-19  |y BK  |k DER